00825nam a2200253 ar4500001000500000005001700005006001900022008004100041090000900082100002400091245014200115260001000257300004700267500002800314504003100342526002100373563001600394650003700410650002600447650004000473700002300513700002000536999001500556494820221127091051.0a a 000 0 190320 su a | 000 0|eng d aSP-P1 aAl Khelaiwi, Ranwa.10aProfitability of companies converting from private to public :bcase in Saudi Arabia /cby Ranwa Alkelaiwi, Abeer AleoqIHI, Faten Alsaud. c2016. a69 leaves :bcolor illustrations ;c30 cm. aSupervisor: Nada Elali. aIncludes bibl. references.0 aStudent project. aHard bound. 4aBusiness planningvCase studies. 4aCorporationsxFinance 4aBusiness enterpriseszSaudi Arabia.0 aAl Rowaihi, Abeer.0 aAl Saud, Faten. c4946d4946